000 00541nam a22001937a 4500
003 Ost
005 20250902115145.0
008 250902b |||||||| |||| 00| 0 eng d
020 _a9783036501109
040 _cBT-PhCST
050 _a25533
082 _222
_a333.9
_bANA
100 _aAnagnostopoulou, Christina.
245 _aImpact of climate-change on water resources /
260 _aBasel, Switzerland :
_bMDPI Publishing,
_cc2021.
300 _aix, 130 p. :
_bill. ;
_c25 cm.
700 _aSkoulikaris, Charlampos.
942 _2ddc
_cWRE
999 _c10098
_d10098